[Event "Helsingor Xtracon op"]
[Site "Helsingor"]
[Date "2016.07.27"]
[Round "6"]
[White "Christensen, Casper"]
[Black "Thogersen, Rasmus"]
[Result "0-1"]
[WhiteElo "2012"]
[BlackElo "2205"]
[PlyCount "96"]
[EventDate "2016.07.23"]
[EventType "swiss"]
[EventRounds "10"]
[EventCountry "DEN"]
[SourceTitle "CBM 173 Extra"]
[Source "ChessBase"]
[SourceDate "2016.08.29"]
[SourceVersion "1"]
[SourceVersionDate "2016.08.29"]
[SourceQuality "1"]

1. e4 c5 2. Nf3 d6 3. g3 Nc6 4. Bg2 Nf6 5. d3 g6 6. 0-0 Bg7 7. Re1 0-0 8. Nbd2 e5 9. Nc4 h6 10. h3 Re8 11. Be3 b6 12. Qc1 Kh7 13. Nh2 d5 14. exd5 Nxd5 15. f4 exf4 16. Bxf4 Rxe1+ 17. Qxe1 Nxf4 18. Bxc6 Nxh3+ 19. Kh1 Be6 20. Nf3 Rc8 21. Be4 f5 22. Bb7 Bd5 23. Bxd5 Qxd5 24. Kh2 Qxf3 25. Kxh3 f4 26. Nd2 Qxg3+ 27. Qxg3 fxg3 28. Nc4 Re8 29. Kxg3 b5 30. Nd2 Re2 31. Rd1 Bxb2 32. Kf3 Rh2 33. c4 a6 34. Ke4 Rh4+ 35. Kf3 h5 36. Ne4 Bd4 37. Kg3 Rg4+ 38. Kf3 g5 39. cxb5 axb5 40. Rc1 Rf4+ 41. Kg2 Kg6 42. Nxc5 Rf2+ 43. Kg3 h4+ 44. Kg4 Rf4+ 45. Kh3 g4+ 46. Kh2 Rf2+ 47. Kh1 g3 48. Nb3 Rh2# 0-1

[Event "Helsingor Xtracon op"]
[Site "Helsingor"]
[Date "2016.07.24"]
[Round "2"]
[White "Christensen, Casper"]
[Black "Wadsworth, Matthew J"]
[Result "0-1"]
[WhiteElo "2012"]
[BlackElo "2325"]
[PlyCount "106"]
[EventDate "2016.07.23"]
[EventType "swiss"]
[EventRounds "10"]
[EventCountry "DEN"]
[SourceTitle "CBM 173 Extra"]
[Source "ChessBase"]
[SourceDate "2016.08.29"]
[SourceVersion "1"]
[SourceVersionDate "2016.08.29"]
[SourceQuality "1"]

1. e4 e6 2. d4 d5 3. exd5 exd5 4. Nf3 Nc6 5. Be2 Bd6 6. 0-0 Nge7 7. Bg5 Bg4 8. c4 dxc4 9. d5 Bxf3 10. Bxf3 Ne5 11. Be2 0-0 12. Nc3 h6 13. Bh4 a6 14. a4 Qd7 15. Bxe7 Qxe7 16. Qd4 Qf6 17. Rad1 Rfe8 18. Kh1 Nd7 19. Qxf6 Nxf6 20. Bxc4 Re5 21. g3 Rae8 22. Kg2 g6 23. Kg1 Kg7 24. Kg2 h5 25. Rb1 Bb4 26. Rfd1 R8e7 27. h3 h4 28. g4 g5 29. Kf3 Ne4 30. Nxe4 Rxe4 31. Bd3 Rd4 32. Bf5 Rf4+ 33. Kg2 Re2 34. Rf1 Bc5 35. b3 Rfxf2+ 36. Rxf2 Rxf2+ 37. Kh1 Bd6 38. Kg1 Rh2 39. b4 Rxh3 40. b5 axb5 41. axb5 b6 42. Rd1 Re3 43. Rd3 Rxd3 44. Bxd3 Kf6 45. Be2 Ke5 46. Bf3 Kd4 47. Kg2 Kc5 48. Be2 Kxd5 49. Bf3+ Ke5 50. Bc6 f5 51. gxf5 Kxf5 52. Kh3 Kf4 53. Kh2 g4 0-1

[Event "Politiken Cup 36th"]
[Site "Helsingor"]
[Date "2014.07.24"]
[Round "5"]
[White "Christensen, Casper"]
[Black "Akdag, Dara Sevkan"]
[Result "0-1"]
[WhiteElo "2004"]
[BlackElo "2236"]
[PlyCount "146"]
[EventDate "2014.07.21"]
[EventType "swiss"]
[EventRounds "10"]
[EventCountry "DEN"]
[SourceTitle "CBM 161 Extra"]
[Source "ChessBase"]
[SourceDate "2014.08.29"]
[SourceVersion "1"]
[SourceVersionDate "2014.08.29"]
[SourceQuality "1"]

1. e4 c5 2. Nf3 d6 3. d4 cxd4 4. Nxd4 Nf6 5. Nc3 a6 6. a4 g6 7. Be2 Bg7 8. Be3 0-0 9. Qd2 Nc6 10. h3 Bd7 11. 0-0 Rc8 12. Nb3 Ne5 13. Bd4 Nc4 14. Bxc4 Rxc4 15. Qd3 Rc8 16. Rfc1 Be6 17. Nd2 Qd7 18. a5 Qc6 19. Ra4 Rfd8 20. b3 d5 21. e5 Nd7 22. Qe3 Nxe5 23. Bb6 Re8 24. Ne2 Qd6 25. c4 dxc4 26. bxc4 Qd3 27. Nf4 Qxe3 28. Bxe3 Bd7 29. Rb4 Bc6 30. Rcb1 e6 31. Ne2 Nd3 32. Rb6 Red8 33. Nb3 Ne5 34. Nc5 Nxc4 35. Nxb7 Bxb7 36. Rxb7 Nxe3 37. fxe3 Rc5 38. Ra7 Rxa5 39. Rab7 Rf8 40. Nf4 Bh6 41. Kf2 Bg7 42. Nd3 Ra2+ 43. Kf3 Ra3 44. Ke2 Bh6 45. Rd7 e5 46. e4 Rc8 47. h4 Rc2+ 48. Kf3 Rd2 49. Rb8+ Bf8 50. Rbd8 Kg7 51. Kg3 Be7 52. Rxe7 Raxd3+ 53. Rxd3 Rxd3+ 54. Kf2 Kf6 55. Rc7 Ke6 56. Rc6+ Rd6 57. Rc7 Rb6 58. Kf3 h5 59. Rc8 Kd7 60. Rf8 Rf6+ 61. Ke3 Kc7 62. Re8 Re6 63. Rf8 Re7 64. Kd3 Kb6 65. Rb8+ Ka7 66. Rd8 a5 67. Rd6 Rc7 68. Rd5 Kb6 69. Rxe5 a4 70. Re8 a3 71. Ra8 Ra7 72. Rxa7 Kxa7 73. Kc3 Kb6 0-1

[Event "Koge Xtracon op"]
[Site "Koge"]
[Date "2013.10.20"]
[Round "9"]
[White "Rendboe, John Filip"]
[Black "Christensen, Casper"]
[Result "1-0"]
[WhiteElo "2214"]
[BlackElo "1977"]
[PlyCount "43"]
[EventDate "2013.10.14"]
[EventType "swiss"]
[EventRounds "9"]
[EventCountry "DEN"]
[SourceTitle "EXT 2014"]
[Source "ChessBase"]
[SourceDate "2013.11.20"]
[SourceVersion "1"]
[SourceVersionDate "2013.11.20"]
[SourceQuality "1"]

1. d4 Nf6 2. c4 d6 3. Nf3 g6 4. Nc3 Bg7 5. e4 Bg4 6. Be2 Bxf3 7. Bxf3 Nbd7 8. Be3 e5 9. d5 0-0 10. Qd2 Ne8 11. g4 c5 12. h4 a6 13. h5 Qa5 14. Be2 Nc7 15. Bh6 Rfb8 16. hxg6 hxg6 17. Bxg7 Kxg7 18. Qh6+ Kf6 19. Qh4+ Kg7 20. Qe7 Rd8 21. g5 Ne8 22. Rh7+ 1-0

[Event "Borup op 6th"]
[Site "Borup"]
[Date "2012.09.22"]
[Round "8"]
[White "Christensen, Casper"]
[Black "Percivaldi, Martin"]
[Result "1/2-1/2"]
[WhiteElo "1995"]
[BlackElo "2041"]
[PlyCount "56"]
[EventDate "2012.09.14"]
[EventType "swiss"]
[EventRounds "9"]
[EventCountry "DEN"]
[SourceTitle "CBM 150 Extra"]
[Source "ChessBase"]
[SourceDate "2012.10.19"]
[SourceVersion "1"]
[SourceVersionDate "2012.10.19"]
[SourceQuality "1"]

1. e4 e6 2. d4 d5 3. Nd2 Be7 4. Ngf3 Nf6 5. Bd3 c5 6. c3 Nc6 7. exd5 Qxd5 8. Bc4 Qd8 9. Nb3 cxd4 10. Nbxd4 Nxd4 11. Qxd4 0-0 12. 0-0 b6 13. Bg5 Bb7 14. Qxd8 Raxd8 15. Nd4 h6 16. Bh4 Rc8 17. Be2 Nd5 18. Bxe7 Nxe7 19. c4 Ba6 20. b3 e5 21. Nc2 Bb7 22. Ne3 Rfd8 23. Bg4 Rc6 24. Bf3 Rc7 25. Bxb7 Rxb7 26. Rfd1 Rbd7 27. Rxd7 Rxd7 28. Rd1 Rxd1+ 1/2-1/2

[Event "Politiken Cup 34th"]
[Site "Helsingor"]
[Date "2012.07.31"]
[Round "5"]
[White "Fossan, Petter"]
[Black "Christensen, Casper"]
[Result "1/2-1/2"]
[WhiteElo "2255"]
[BlackElo "1985"]
[PlyCount "106"]
[EventDate "2012.07.28"]
[EventType "swiss"]
[EventRounds "10"]
[EventCountry "DEN"]
[SourceTitle "CBM 149 Extra"]
[Source "ChessBase"]
[SourceDate "2012.08.24"]
[SourceVersion "1"]
[SourceVersionDate "2012.08.24"]
[SourceQuality "1"]

1. e4 d6 2. d4 g6 3. Nc3 Bg7 4. f4 Nd7 5. Nf3 Ngf6 6. Be3 0-0 7. Qd2 e5 8. dxe5 dxe5 9. 0-0-0 Qe7 10. Bd3 Ng4 11. Nd5 Qd8 12. Bg1 exf4 13. h3 Nge5 14. Qxf4 c6 15. Nc3 Nxf3 16. Qxf3 Qa5 17. Bh2 b5 18. Bd6 b4 19. Bxf8 Kxf8 20. Ne2 Qxa2 21. Kd2 Qxb2 22. Rhf1 Ne5 23. Qe3 Kg8 24. Rb1 Qa3 25. Rb3 Qa5 26. Nd4 c5 27. Nf3 c4 28. Nxe5 cxb3 29. Nc6 Qa4 30. Qc5 Bc3+ 31. Ke3 Be6 32. Bc4 Bxc4 33. Qxc4 Rf8 34. cxb3 Qa2 35. Rf2 Qa3 36. Ne7+ Kg7 37. Nd5 Qc1+ 38. Kf3 Qd1+ 39. Ke3 Qe1+ 40. Kf3 Qd1+ 41. Ke3 Rc8 42. Qxc8 Bd4+ 43. Kf4 Bxf2 44. Qc4 Qd2+ 45. Kf3 Bd4 46. Qe2 Qg5 47. g4 Qc1 48. Qd3 Qh1+ 49. Ke2 Qg2+ 50. Kd1 Qg1+ 51. Kc2 Qf2+ 52. Qd2 Qxd2+ 53. Kxd2 a5 1/2-1/2

[Event "Nordic School-ch U17"]
[Site "Espoo"]
[Date "2012.02.19"]
[Round "5"]
[White "Sigurdsson, Birkir Karl"]
[Black "Christensen, Casper"]
[Result "0-1"]
[WhiteElo "1694"]
[BlackElo "1955"]
[PlyCount "76"]
[EventDate "2012.02.17"]
[EventType "swiss"]
[EventRounds "6"]
[EventCountry "FIN"]
[SourceTitle "EXT 2022"]
[Source "ChessBase"]
[SourceDate "2021.10.06"]
[SourceVersion "1"]
[SourceVersionDate "2021.10.06"]
[SourceQuality "1"]

1. c4 e5 2. g3 d6 3. Bg2 c6 4. Nc3 Be7 5. Nf3 f5 6. d3 Nf6 7. 0-0 0-0 8. a3 a5 9. Rb1 Na6 10. Re1 Nc7 11. b4 axb4 12. axb4 Ne6 13. b5 Bd7 14. Bd2 Qc7 15. Qc2 f4 16. Rec1 g5 17. h3 g4 18. b6 Qb8 19. hxg4 Nxg4 20. gxf4 Nxf4 21. Bxf4 Rxf4 22. Ne4 Qf8 23. Ng3 Qh6 24. Kf1 Bh4 25. Qc3 Raf8 26. Nh1 Qf6 27. Ke1 Qh6 28. Kd1 Bxf2 29. Nxf2 Ne3+ 30. Kd2 Nxg2 31. Kc2 Rxf3 32. exf3 Rxf3 33. Ne4 Bf5 34. Qd2 Ne3+ 35. Kb2 Bxe4 36. Rg1+ Bg6 37. Qe2 Qf4 38. Kb3 Nxc4 0-1

[Event "Nordic School-ch U17"]
[Site "Espoo"]
[Date "2012.02.18"]
[Round "4"]
[White "Christensen, Casper"]
[Black "Olofsson Dolk, Mattis"]
[Result "0-1"]
[WhiteElo "1955"]
[BlackElo "1952"]
[PlyCount "124"]
[EventDate "2012.02.17"]
[EventType "swiss"]
[EventRounds "6"]
[EventCountry "FIN"]
[SourceTitle "EXT 2022"]
[Source "ChessBase"]
[SourceDate "2021.10.06"]
[SourceVersion "1"]
[SourceVersionDate "2021.10.06"]
[SourceQuality "1"]

1. e4 c5 2. Nf3 d6 3. d4 cxd4 4. Nxd4 Nf6 5. Nc3 a6 6. a4 e5 7. Nb3 Be7 8. Be2 Be6 9. Be3 0-0 10. Nd5 Nbd7 11. f3 Nxd5 12. exd5 Bf5 13. 0-0 Rc8 14. c4 Nb6 15. Nd2 Bg5 16. Qb3 Bxe3+ 17. Qxe3 a5 18. b4 axb4 19. Qb3 Qg5 20. Qxb4 Nd7 21. Ra3 Nc5 22. Re1 e4 23. fxe4 Bxe4 24. Nxe4 Nxe4 25. Bd3 Nc5 26. Bc2 Rfe8 27. Rh3 h6 28. Qc3 Rxe1+ 29. Qxe1 Qf4 30. Rh4 Qf6 31. h3 Kf8 32. Qg3 Re8 33. Rf4 Qa1+ 34. Rf1 Qe5 35. Qxe5 Rxe5 36. Kf2 Ke7 37. Kf3 Kd7 38. a5 Kc7 39. Rb1 Re8 40. g3 Ra8 41. Rb5 Kd7 42. Bf5+ Ke7 43. Ke3 Kf6 44. Bc2 Ke5 45. Bb1 f5 46. Bc2 g5 47. Bd1 f4+ 48. gxf4+ gxf4+ 49. Kf3 Rg8 50. Kf2 Ne4+ 51. Ke1 Rg1+ 52. Ke2 Nc3+ 53. Kf2 Rxd1 54. Rxb7 Ne4+ 55. Ke2 Rd2+ 56. Ke1 Ra2 57. Rh7 Kd4 58. Rf7 Ke3 59. Kf1 f3 60. Kg1 Ng3 61. Re7+ Kd3 62. Rf7 Rg2# 0-1

[Event "Copenhagen Challenge"]
[Site "Ballerup"]
[Date "2011.05.22"]
[Round "8"]
[White "Andersen, Daniel"]
[Black "Christensen, Casper"]
[Result "1-0"]
[WhiteElo "1997"]
[BlackElo "1948"]
[PlyCount "165"]
[EventDate "2011.05.18"]
[EventType "swiss"]
[EventRounds "9"]
[EventCountry "DEN"]
[SourceTitle "EXT 2018"]
[Source "ChessBase"]
[SourceDate "2017.10.13"]
[SourceVersion "1"]
[SourceVersionDate "2017.10.13"]
[SourceQuality "1"]

1. c4 e5 2. Nc3 Nc6 3. Nf3 f5 4. d4 exd4 5. Nxd4 d6 6. Nxc6 bxc6 7. g3 Rb8 8. Bg2 Bd7 9. Qa4 Ne7 10. Qxa7 h6 11. Qd4 c5 12. Qd2 g6 13. Nd5 Bg7 14. 0-0 0-0 15. Rb1 Be6 16. b3 Nxd5 17. Bxd5 Qd7 18. Bb2 c6 19. Bxe6+ Qxe6 20. Bxg7 Kxg7 21. Rbd1 Rfd8 22. Qc3+ Kh7 23. Rd2 Rd7 24. Rfd1 Rbd8 25. Qa5 Qe7 26. Qb6 Rc7 27. a4 Qd7 28. Qa5 Qe7 29. Qc3 Rcd7 30. Qf3 Qe4 31. Qxe4 fxe4 32. Rc1 Rb8 33. Rc3 Kg7 34. f3 exf3 35. Rxf3 Re8 36. Kf2 d5 37. cxd5 cxd5 38. Rc3 Rc8 39. Rdc2 Rf7+ 40. Ke1 Rfc7 41. Kd2 Kf6 42. b4 Ra7 43. bxc5 Rxa4 44. c6 Rc7 45. Kd3 Ke6 46. Rc5 Kd6 47. R2c3 Ra6 48. e4 dxe4+ 49. Kxe4 Re7+ 50. Kf4 Rf7+ 51. Kg4 Rc7 52. h4 Ra4+ 53. R5c4 Rxc4+ 54. Rxc4 Kd5 55. Rc3 Ke5 56. Kf3 Rf7+ 57. Ke3 Rc7 58. Rc2 Kd5 59. Kf4 Kd6 60. g4 Rf7+ 61. Ke4 Kc7 62. Rc5 Rf1 63. h5 Re1+ 64. Kf4 Rf1+ 65. Ke5 g5 66. Rd5 Re1+ 67. Kf6 Kxc6 68. Rf5 Rg1 69. Kg6 Rxg4 70. Kxh6 Kd7 71. Kg7 Ra4 72. h6 Ke6 73. Rf6+ Ke5 74. h7 Ra7+ 75. Rf7 Ra8 76. Rf8 Ra7+ 77. Kg8 Rxh7 78. Kxh7 g4 79. Kh6 Ke4 80. Kh5 g3 81. Kh4 g2 82. Rg8 Kf3 83. Kh3 1-0

[Event "Copenhagen Challenge"]
[Site "Ballerup"]
[Date "2011.05.21"]
[Round "6"]
[White "Eriksson, Christian Altenburg"]
[Black "Christensen, Casper"]
[Result "1-0"]
[WhiteElo "2139"]
[BlackElo "1948"]
[PlyCount "71"]
[EventDate "2011.05.18"]
[EventType "swiss"]
[EventRounds "9"]
[EventCountry "DEN"]
[SourceTitle "EXT 2018"]
[Source "ChessBase"]
[SourceDate "2017.10.13"]
[SourceVersion "1"]
[SourceVersionDate "2017.10.13"]
[SourceQuality "1"]

1. e4 c5 2. c3 d5 3. exd5 Qxd5 4. d4 cxd4 5. cxd4 Nc6 6. Nf3 Bg4 7. Be2 e6 8. Nc3 Qd8 9. h3 Bh5 10. 0-0 Nf6 11. Be3 Be7 12. Qb3 0-0 13. Qxb7 Qd6 14. Nb5 Qd7 15. Qxd7 Nxd7 16. Rac1 Rac8 17. a3 a6 18. Nc3 Ndb8 19. g4 Bg6 20. d5 Na5 21. Ne5 Nb3 22. Nxg6 fxg6 23. Rcd1 exd5 24. Nxd5 Bh4 25. g5 Kh8 26. Rd3 Na5 27. Rd4 Rcd8 28. Rfd1 Rf5 29. Ne7 Bxf2+ 30. Bxf2 Rxg5+ 31. Kh2 Rxd4 32. Rxd4 h6 33. Rd8+ Kh7 34. Rxb8 Re5 35. Bd3 Rxe7 36. Rb6 1-0

[Event "Borup op 5th"]
[Site "Borup"]
[Date "2010.09.05"]
[Round "4"]
[White "Christensen, Casper"]
[Black "Molvig, Henrik"]
[Result "0-1"]
[WhiteElo "1897"]
[BlackElo "2174"]
[PlyCount "118"]
[EventDate "2010.09.03"]
[EventType "swiss"]
[EventRounds "9"]
[EventCountry "DEN"]
[SourceTitle "CBM 138 Extra"]
[Source "ChessBase"]
[SourceDate "2010.10.29"]
[SourceVersion "1"]
[SourceVersionDate "2010.10.29"]
[SourceQuality "1"]

1. e4 c5 2. d3 Nc6 3. g3 g6 4. Bg2 Bg7 5. f4 e6 6. Nf3 Nge7 7. 0-0 0-0 8. c3 b6 9. Re1 Bb7 10. Nbd2 Rc8 11. Nf1 b5 12. Qc2 b4 13. c4 Nd4 14. Nxd4 Bxd4+ 15. Be3 Nc6 16. Bxd4 Nxd4 17. Qd1 d6 18. Ne3 Rc7 19. Nc2 Nxc2 20. Qxc2 Qf6 21. a3 Qd4+ 22. Kh1 d5 23. axb4 cxb4 24. b3 Ra8 25. Ra5 a6 26. exd5 exd5 27. Re5 Qb6 28. Qa2 dxc4 29. dxc4 Rd8 30. Bd5 Rcd7 31. Qa4 Qf2 32. Qa1 Bxd5+ 33. Raxd5 Qf3+ 34. Kg1 Rxd5 35. cxd5 Qxb3 36. Qxa6 Qd1+ 37. Qf1 Rxd5 38. Qxd1 Rxd1+ 39. Kg2 Rd2+ 40. Kh3 b3 41. Rb5 b2 42. g4 Kf8 43. Kg3 Ke7 44. h3 Kd6 45. Kf3 Kc6 46. Rb8 Kc5 47. Ke3 Rh2 48. Kd3 Rxh3+ 49. Kc2 Rh2+ 50. Kb1 Kd5 51. Rf8 Ke6 52. Re8+ Kf6 53. Re5 h5 54. g5+ Kg7 55. Re4 Rg2 56. Re3 Rf2 57. Re4 h4 58. Rd4 h3 59. Rd1 h2 0-1

[Event "Borup op 5th"]
[Site "Borup"]
[Date "2010.09.04"]
[Round "2"]
[White "Christensen, Casper"]
[Black "Hansen, Lars Henrik Bech"]
[Result "1/2-1/2"]
[WhiteElo "1897"]
[BlackElo "2039"]
[PlyCount "27"]
[EventDate "2010.09.03"]
[EventType "swiss"]
[EventRounds "9"]
[EventCountry "DEN"]
[SourceTitle "CBM 138 Extra"]
[Source "ChessBase"]
[SourceDate "2010.10.29"]
[SourceVersion "1"]
[SourceVersionDate "2010.10.29"]
[SourceQuality "1"]

1. e4 e5 2. Nf3 Nc6 3. Bc4 Nf6 4. d3 Bc5 5. Bg5 d6 6. c3 0-0 7. b4 Bb6 8. Nbd2 Qe7 9. Bb3 a6 10. Nc4 Ba7 11. Ne3 Be6 12. Nd5 Bxd5 13. Bxd5 Nd8 14. Nh4 1/2-1/2